000 00263nam a22001217a 4500
008 260218b ||||| |||| 00| 0 eng d
041 _aeng
080 _a2.1
100 _a20.1
101 _aLetrare
245 _aZoti Cogito
_cZbignjev Herbert
942 _2lcc
_cBK
999 _c60805
_d60805